[Event "Bavaria Donaucup 2017"]
[Site "Regensburg"]
[Date "2017.05.27"]
[Round "5.1"]
[White "Uphoff, Lennart"]
[Black "Hendriks, Willy"]
[Result "0-1"]
[WhiteElo "2004"]
[BlackElo "2385"]
[PlyCount "92"]
[EventDate "2017.??.??"]
[WhiteTeam "FC Mintraching"]
[BlackTeam "SG Bochum"]

1. d4 d6 2. c4 g6 3. Nc3 Bg7 4. e4 Nc6 5. d5 Nd4 6. Be3 e5 7. Nge2 Bg4 8. f3
Bxf3 9. gxf3 Nxf3+ 10. Kf2 Nh4 11. Ke1 Bh6 12. Qc1 Nf3+ 13. Kd1 Qh4 14. Kc2 f5
15. Bg2 Nd4+ 16. Nxd4 exd4 17. Bxh6 Nxh6 18. Nb5 O-O 19. Nxd4 fxe4 20. Rf1 Rxf1
21. Bxf1 Rf8 22. Be2 Qxh2 23. Qh1 Qe5 24. Qxh6 Qxd4 25. Rh1 Rf7 26. Qd2 Qe5 27.
Qc3 Qg5 28. Qh3 b6 29. Rh2 Qg1 30. Bg4 Rf2+ 31. Rxf2 Qxf2+ 32. Kb3 h5 33. Be6+
Kh7 34. Bg4 e3 35. Bxh5 gxh5 36. Qxh5+ Kg7 37. Qg5+ Kf7 38. Qh5+ Kf6 39. Qh6+
Kf5 40. Qe6+ Kf4 41. Qf7+ Ke4 42. Qh7+ Qf5 43. Qh1+ Kd4 44. Qh4+ Qe4 45. Qh8+
Kc5 46. Qg7 Qxc4+ 0-1

[Event "Bavaria Donaucup 2017"]
[Site "Regensburg"]
[Date "2017.05.27"]
[Round "5.2"]
[White "Loos, Roland"]
[Black "Schmid, Roland"]
[Result "1/2-1/2"]
[WhiteElo "2373"]
[BlackElo "2200"]
[PlyCount "67"]
[EventDate "2017.??.??"]
[WhiteTeam "Post Regensburg"]
[BlackTeam "Post Regensburg"]

1. e4 d6 2. d4 Nf6 3. f3 Nbd7 4. c4 e5 5. d5 Be7 6. Be3 O-O 7. Nc3 c6 8. Qd2 a6
9. Bd3 cxd5 10. cxd5 b5 11. a4 b4 12. Na2 Nc5 13. Bc4 a5 14. Nc1 Qc7 15. Bb5
Bd7 16. Bxd7 Nfxd7 17. Nge2 Bh4+ 18. g3 Bd8 19. g4 Rc8 20. Ng3 Bh4 21. O-O Bxg3
22. hxg3 f6 23. Qe2 Rb8 24. b3 Rfc8 25. Ra2 Qb7 26. Qd1 Qa6 27. Rh2 Rc7 28. g5
Rf8 29. gxf6 Nxf6 30. g4 g6 31. Rff2 Qc8 32. Rc2 Rff7 33. Rc4 Nfd7 34. g5
1/2-1/2

[Event "Bavaria Donaucup 2017"]
[Site "Regensburg"]
[Date "2017.05.27"]
[Round "5.3"]
[White "Oberhofer, Cedric"]
[Black "Disterheft, David"]
[Result "1/2-1/2"]
[WhiteElo "2167"]
[BlackElo "1972"]
[PlyCount "84"]
[EventDate "2017.??.??"]
[WhiteTeam "SC Bav Regensburg"]
[BlackTeam "SC Bav Regensburg"]

1. e4 c5 2. Nf3 Nc6 3. d4 cxd4 4. Nxd4 Nf6 5. Nc3 e5 6. Ndb5 d6 7. Bg5 a6 8.
Na3 b5 9. Bxf6 gxf6 10. Nd5 Bg7 11. Bd3 Ne7 12. Nxe7 Qxe7 13. O-O O-O 14. c4 f5
15. Qh5 f4 16. cxb5 Kh8 17. Nc4 Be6 18. bxa6 f5 19. Rad1 Bf6 20. Qe2 fxe4 21.
Bxe4 Rxa6 22. b3 Rg8 23. Ne3 Qa7 24. Nd5 Rxa2 25. Rd2 Rxd2 26. Qxd2 Bg5 27. Qd3
Bh4 28. b4 Rb8 29. b5 Qc5 30. b6 Bxd5 31. Bxd5 Rxb6 32. g3 fxg3 33. hxg3 Bxg3
34. Kg2 Bf4 35. Rh1 h6 36. Ra1 Rb8 37. Ra8 Rxa8 38. Bxa8 Qc8 39. Bf3 Qe6 40.
Qe4 Kg7 41. Kf1 Kf6 42. Qa8 Kg7 1/2-1/2

[Event "Bavaria Donaucup 2017"]
[Site "Regensburg"]
[Date "2017.05.27"]
[Round "5.4"]
[White "Goldbeck, Lars"]
[Black "Fuchs, Stefan"]
[Result "1-0"]
[WhiteElo "2107"]
[BlackElo "1913"]
[PlyCount "65"]
[EventDate "2017.??.??"]
[WhiteTeam "SC Vaterstetten"]
[BlackTeam "SC Bav Regensburg"]

1. d4 {[%emt 0:00:00]} d5 2. c4 e6 3. Nc3 Nf6 4. Nf3 c5 5. e3 Nc6 6. a3 a6 7.
cxd5 Nxd5 8. Bd3 cxd4 9. exd4 Be7 10. O-O O-O 11. Bc2 Nf6 12. Bg5 b5 13. Qd3 g6
14. Rad1 Bb7 15. Rfe1 b4 16. Na4 a5 17. Qb5 Qd5 18. Qxb7 Rfb8 19. Qxe7 Nxe7 20.
Bxf6 Nc6 21. Be4 Qb5 22. Nc5 Ra7 23. a4 Qb6 24. Rc1 Rc8 25. g3 Rac7 26. Kg2 Ne7
27. Be5 Nd5 28. Bxd5 exd5 29. Nd7 Qb7 30. Nf6+ Kf8 31. Rxc7 Rxc7 32. Bd6+ Kg7
33. Ne8+ 1-0

[Event "Bavaria Donaucup 2017"]
[Site "Regensburg"]
[Date "2017.05.27"]
[Round "5.5"]
[White "Noeckler, Alexander"]
[Black "Plank, Michael"]
[Result "0-1"]
[WhiteElo "1854"]
[BlackElo "2030"]
[PlyCount "82"]
[EventDate "2017.??.??"]
[WhiteTeam "SK Weiden"]
[BlackTeam "TSV Nittenau"]

1. c4 c5 2. Nc3 b6 3. e4 Bb7 4. d3 e6 5. g3 d6 6. Bg2 g6 7. Nge2 Bg7 8. O-O Nc6
9. Be3 Nd4 10. Qd2 a6 11. Rae1 Rb8 12. f4 Ne7 13. h3 O-O 14. g4 f5 15. Ng3 b5
16. b3 Kh8 17. Kh2 fxg4 18. hxg4 Nec6 19. g5 Bc8 20. Bh3 Rb7 21. Nce2 Rbf7 22.
Nxd4 Nxd4 23. Bxd4 Bxd4 24. Rf3 Qc7 25. Ref1 bxc4 26. dxc4 d5 27. cxd5 exd5 28.
Bxc8 dxe4 29. Nxe4 Rxc8 30. Kg2 Rcf8 31. b4 Qc6 32. Qc2 Re8 33. Nxc5 Rxf4 34.
Qa4 Re2+ 35. Kg3 Rxf3+ 36. Rxf3 Qc7+ 37. Rf4 Qe5 38. Qd7 Qe3+ 39. Rf3 Qxg5+ 40.
Kh3 Qh5+ 41. Kg3 Qh2+ 0-1

[Event "Bavaria Donaucup 2017"]
[Site "Regensburg"]
[Date "2017.05.27"]
[Round "5.6"]
[White "Riedl, Maximilian"]
[Black "Kangas, Lauri"]
[Result "1/2-1/2"]
[WhiteElo "1945"]
[BlackElo "1999"]
[PlyCount "82"]
[EventDate "2017.??.??"]
[WhiteTeam "SC Furth Waldm."]
[BlackTeam "Pässi"]

1. d4 Nf6 2. Nf3 d5 3. Nbd2 c6 4. e3 e6 5. Bd3 Bd6 6. O-O Nbd7 7. Re1 O-O 8. e4
dxe4 9. Nxe4 Nxe4 10. Bxe4 Qc7 11. h3 b6 12. c3 Bb7 13. Bc2 Bf4 14. Qd3 g6 15.
Bxf4 Qxf4 16. Re4 Qf6 17. Ne5 Rfd8 18. Qg3 Nxe5 19. dxe5 Qe7 20. Qe3 c5 21. Rg4
Rd7 22. h4 Rad8 23. h5 Qf8 24. Qg3 Ba6 25. hxg6 hxg6 26. Rh4 Bd3 27. Bd1 Qg7
28. Bf3 Bf5 29. Re1 Rd2 30. Qg5 R8d7 31. g4 Bc2 32. Bc6 Rd8 33. Kg2 Bd1 34. c4
R2d4 35. f4 Rd2+ 36. Kg1 R8d3 37. Qe7 Rd8 38. Bd5 Rf8 39. Bc6 Rfd8 40. Bd5 Rf8
41. Bc6 Rfd8 1/2-1/2

[Event "Bavaria Donaucup 2017"]
[Site "Regensburg"]
[Date "2017.05.27"]
[Round "5.7"]
[White "Bunk, Wolfgang"]
[Black "Krupke, Sven"]
[Result "1-0"]
[WhiteElo "1987"]
[BlackElo "1903"]
[PlyCount "81"]
[EventDate "2017.??.??"]
[WhiteTeam "SC Bav Regensburg"]
[BlackTeam "SF Rosenheim"]

1. d4 d5 2. Nf3 Nf6 3. c4 e6 4. Nc3 c6 5. Bg5 dxc4 6. a4 Bb4 7. Qc2 Qa5 8. Bxf6
gxf6 9. e3 b5 10. Be2 Bb7 11. O-O Bxc3 12. axb5 Qb4 13. bxc3 Qd6 14. Bxc4 Nd7
15. bxc6 Qxc6 16. Be2 Ke7 17. Qa4 Qxa4 18. Rxa4 Nb6 19. Rb4 Rhg8 20. c4 Be4 21.
Ra1 f5 22. Ne1 Rgb8 23. f3 Bc6 24. Rab1 Rc8 25. Nd3 f6 26. Nc5 e5 27. Nb3 Bd7
28. Na5 f4 29. exf4 exd4 30. Rd1 Be6 31. Rxd4 Rc5 32. Nb3 Rc6 33. c5 Nd7 34.
Rb7 Bxb3 35. Rdxd7+ Ke6 36. Re7+ Kf5 37. Rxb3 Rxc5 38. Kf2 Kxf4 39. h4 a5 40.
g3+ Kf5 41. Bd3# 1-0

[Event "Bavaria Donaucup 2017"]
[Site "Regensburg"]
[Date "2017.05.27"]
[Round "5.8"]
[White "Klausmann, Leonard"]
[Black "Dechant, Georg"]
[Result "1-0"]
[WhiteElo "1696"]
[BlackElo "1933"]
[PlyCount "31"]
[EventDate "2017.??.??"]
[WhiteTeam "TSV Kareth-Lappersdorf"]
[BlackTeam "SC Bav Regensburg"]

1. e4 c5 2. Nf3 Nc6 3. b4 Nxb4 4. c3 Nc6 5. d4 d5 6. exd5 Qxd5 7. Nbd2 cxd4 8.
Bc4 Qc5 9. Qb3 e6 10. cxd4 Nxd4 11. Nxd4 Qxd4 12. Bb2 Qd8 13. Rd1 Nf6 14. Bxf6
gxf6 15. Bb5+ Bd7 16. Nc4 1-0

[Event "Bavaria Donaucup 2017"]
[Site "Regensburg"]
[Date "2017.05.27"]
[Round "5.9"]
[White "Haselbeck, Franz"]
[Black "Kanewski, Josef"]
[Result "0-1"]
[WhiteElo "1895"]
[BlackElo "2034"]
[PlyCount "104"]
[EventDate "2017.??.??"]
[WhiteTeam "SV Deggendorf"]
[BlackTeam "SC Bav Regensburg"]

1. Nf3 f5 2. g3 Nf6 3. Bg2 d6 4. d3 g6 5. O-O Bg7 6. Nc3 O-O 7. e4 e5 8. exf5
gxf5 9. d4 e4 10. Ng5 d5 11. Ne2 Nc6 12. c3 Ne7 13. Nf4 Qd6 14. Re1 b6 15. a4
c5 16. dxc5 bxc5 17. f3 Rd8 18. fxe4 fxe4 19. Nh5 h6 20. Bf4 Qd7 21. Nh3 Nxh5
22. Qxh5 Qf5 23. Qe2 Qf6 24. Bc7 Ba6 25. Qh5 Rd7 26. Bf4 Qg6 27. Qxg6 Nxg6 28.
Rad1 Bd3 29. Be3 c4 30. Nf2 Rb8 31. Bh3 Re7 32. Bc5 Ree8 33. Bd7 Red8 34. Be6+
Kh8 35. Bb4 Ne5 36. Nxd3 cxd3 37. Kg2 Rb6 38. Bf5 a5 39. Ba3 Nc4 40. Be7 Rxb2+
41. Kh3 Re8 42. Bc5 Bxc3 43. Rf1 Bg7 44. Bg6 Rc8 45. Ba7 Rc7 46. Bg1 Ne5 47.
Bh5 Rcc2 48. Rb1 Nc4 49. Bf7 e3 50. Bxd5 e2 51. Rf8+ Bxf8 52. Bd4+ Bg7 0-1

[Event "Bavaria Donaucup 2017"]
[Site "Regensburg"]
[Date "2017.05.27"]
[Round "5.10"]
[White "Tassell, Pierre"]
[Black "Bruell, Martin"]
[Result "1-0"]
[WhiteElo "2049"]
[BlackElo "1835"]
[PlyCount "59"]
[EventDate "2017.??.??"]
[WhiteTeam "SC Bav Regensburg"]
[BlackTeam "SC Bav Regensburg"]

1. d4 Nf6 2. c4 g6 3. Nc3 d5 4. cxd5 Nxd5 5. e4 Nxc3 6. bxc3 Bg7 7. Qa4+ Bd7 8.
Qa3 O-O 9. Bg5 Re8 10. Nf3 Bf6 11. h4 Qc8 12. Bc4 Bg7 13. h5 Be6 14. d5 Bg4 15.
hxg6 hxg6 16. Nd4 c5 17. Nc2 e6 18. Bb5 Nd7 19. d6 e5 20. Ne3 Be6 21. Rd1 a6
22. Bxd7 Qxd7 23. Qxc5 Bxa2 24. c4 b5 25. Nd5 f6 26. Nxf6+ Bxf6 27. Bxf6 Qg4
28. Qd5+ Re6 29. Qxa8+ Kf7 30. Rh7+ 1-0

[Event "Bavaria Donaucup 2017"]
[Site "Regensburg"]
[Date "2017.05.27"]
[Round "5.11"]
[White "Liess, Alexander"]
[Black "Burkhardt, Holger"]
[Result "1/2-1/2"]
[WhiteElo "1811"]
[BlackElo "2015"]
[PlyCount "96"]
[EventDate "2017.??.??"]
[WhiteTeam "SC Bav Regensburg"]
[BlackTeam "SK Gießen"]

1. Nf3 d6 2. b3 e5 3. e4 Nf6 4. Nc3 Be7 5. Bb2 O-O 6. h3 a6 7. a4 b6 8. Be2 Bb7
9. d3 Nbd7 10. O-O Re8 11. Nd2 Bf8 12. f4 exf4 13. Rxf4 Ne5 14. Rf1 Ng6 15. Bf3
c5 16. Qe1 Nd7 17. Qf2 Nde5 18. Bh5 Re6 19. Nc4 Rf6 20. Qg3 Be7 21. Rxf6 Bxf6
22. Rf1 Nxc4 23. bxc4 Bd4+ 24. Kh1 Ne5 25. Qf4 g6 26. Be2 Bc6 27. Ra1 Kg7 28.
Nd1 Bxb2 29. Nxb2 b5 30. c3 Qa5 31. Qc1 b4 32. d4 bxc3 33. dxe5 cxb2 34. Qxb2
Qb4 35. Qxb4 cxb4 36. exd6 Bxe4 37. Rd1 b3 38. Bd3 Bxd3 39. Rxd3 Rb8 40. Rd1
Kf6 41. Kg1 Ke6 42. c5 b2 43. Rb1 Kd5 44. d7 Kxc5 45. Rxb2 Rd8 46. Rd2 Kc6 47.
Rf2 Rxd7 48. Rf6+ Kb7 1/2-1/2

[Event "Bavaria Donaucup 2017"]
[Site "Regensburg"]
[Date "2017.05.27"]
[Round "5.12"]
[White "Paajala, Niki"]
[Black "Sammet, Dominik"]
[Result "1-0"]
[WhiteElo "1946"]
[BlackElo "1803"]
[PlyCount "95"]
[EventDate "2017.??.??"]
[WhiteTeam "Pässi"]
[BlackTeam "SC Bav Regensburg"]

1. d4 Nf6 2. Bg5 c5 3. Bxf6 exf6 4. d5 Bd6 5. Nf3 O-O 6. e3 a6 7. a4 Qc7 8. c4
Be5 9. Nxe5 Qxe5 10. Nc3 d6 11. Bd3 Nd7 12. Qf3 Re8 13. Qg3 f5 14. Kd2 Nf6 15.
Qxe5 Rxe5 16. f4 Re7 17. h3 Bd7 18. Rae1 Ne4+ 19. Bxe4 fxe4 20. g4 Rb8 21. Ra1
b6 22. Kc2 g6 23. Rhb1 a5 24. Rg1 Kf8 25. Rg3 f5 26. Rag1 Rb7 27. b3 Rf7 28.
Kd2 Rg7 29. Nd1 Bc8 30. Nf2 Rbf7 31. Ke2 Bd7 32. Kf1 Bc8 33. h4 fxg4 34. Nxe4
Ke7 35. R1g2 Bf5 36. Nc3 Kd8 37. e4 Bd7 38. Rf2 Rg8 39. e5 dxe5 40. fxe5 Rxf2+
41. Kxf2 Bf5 42. d6 Re8 43. Re3 Be6 44. Ne4 Rf8+ 45. Nf6 h6 46. Kg3 h5 47. Kf4
Rf7 48. Kg5 1-0

[Event "Bavaria Donaucup 2017"]
[Site "Regensburg"]
[Date "2017.05.27"]
[Round "5.13"]
[White "Jobst, Thomas"]
[Black "Brunner, Tobias"]
[Result "1/2-1/2"]
[WhiteElo "1756"]
[BlackElo "1920"]
[PlyCount "87"]
[EventDate "2017.??.??"]
[WhiteTeam "vereinlos"]
[BlackTeam "TSV Nittenau"]

1. c4 e5 2. Nc3 b6 3. g3 Bb7 4. e4 f5 5. d3 Nf6 6. Bg2 Na6 7. Nge2 fxe4 8. dxe4
Nc5 9. Bg5 Ne6 10. Bxf6 Qxf6 11. O-O Bc5 12. Nd5 Qf7 13. Qd2 a5 14. Kh1 c6 15.
Ne3 h5 16. Nf5 h4 17. gxh4 O-O-O 18. Neg3 Nf4 19. Nd6+ Bxd6 20. Qxd6 Rde8 21.
Nf5 Rhf8 22. Qd1 Qg6 23. Rg1 Rxf5 24. exf5 Qxf5 25. Bf3 Nd3 26. Qe2 Rf8 27. Rg3
e4 28. Bg2 Nxf2+ 29. Kg1 Qc5 30. Qe3 Nd3 31. Qxc5 Nxc5 32. Re1 d5 33. Rxg7 Ba6
34. cxd5 cxd5 35. Ra7 Kb8 36. Re7 Rg8 37. Kh1 Nd3 38. Rf1 Nxb2 39. Rff7 Rc8 40.
h3 Nd3 41. h5 Rh8 42. Rh7 Rf8 43. Rhf7 Rh8 44. Rh7 1/2-1/2

[Event "Bavaria Donaucup 2017"]
[Site "Regensburg"]
[Date "2017.05.27"]
[Round "5.15"]
[White "Brack, Johannes"]
[Black "Bruell, Elias"]
[Result "0-1"]
[WhiteElo "1889"]
[BlackElo "1690"]
[PlyCount "82"]
[EventDate "2017.??.??"]
[WhiteTeam "Regensburg RT"]
[BlackTeam "SC Bav. Regensburg"]

1. f4 c5 2. Nf3 d5 3. e3 Nf6 4. d4 e6 5. c3 Be7 6. Bd3 O-O 7. Nbd2 a6 8. O-O b5
9. Ne5 Qc7 10. Rf3 Nbd7 11. Rh3 g6 12. Qe1 Re8 13. Qg3 Nf8 14. Qf3 N6d7 15. Qg3
Nf6 16. Qf2 Bb7 17. g4 Ne4 18. Bxe4 dxe4 19. g5 Nd7 20. Ng4 Kg7 21. Nf1 Bd5 22.
Bd2 Rh8 23. Nh6 Nb6 24. Be1 Nc4 25. Kh1 Nd6 26. Kg1 Nf5 27. Qe2 c4 28. Bh4 a5
29. Ng4 b4 30. Ng3 bxc3 31. bxc3 Rab8 32. Nxf5+ exf5 33. Nf6 Be6 34. d5 Bc8 35.
Rd1 Ba6 36. Qd2 Rhd8 37. Qd4 Bxf6 38. Qxf6+ Kg8 39. Qxa6 Rd6 40. Qxd6 Qxd6 41.
Rg3 Rb5 0-1

[Event "Bavaria Donaucup 2017"]
[Site "Regensburg"]
[Date "2017.05.27"]
[Round "5.16"]
[White "Luetkemeyer, Arnd"]
[Black "Banellis, Lukas"]
[Result "1-0"]
[WhiteElo "1844"]
[BlackElo "1588"]
[PlyCount "69"]
[EventDate "2017.??.??"]
[WhiteTeam "MSA Zugzwang"]
[BlackTeam "SF Roding"]

1. e4 e5 2. Bc4 Nc6 3. Nf3 Nf6 4. Ng5 Bc5 5. Bxf7+ Ke7 6. Bb3 d6 7. Nc3 Rf8 8.
O-O Bg4 9. Nd5+ Ke8 10. Nxf6+ gxf6 11. Qxg4 fxg5 12. d4 Nxd4 13. Bxg5 Qc8 14.
Qh5+ Kd7 15. Bd5 Qe8 16. Qg4+ Ne6 17. Qh3 Qg6 18. Be3 Bb6 19. Bxb7 Rae8 20.
Bxb6 axb6 21. Bd5 Kd8 22. Bxe6 Rxe6 23. Rae1 Ref6 24. Re3 Rf4 25. f3 h5 26. Ra3
Qxe4 27. Qxh5 Qd4+ 28. Kh1 Kd7 29. Rc3 e4 30. Qb5+ Kd8 31. Qc4 Qg7 32. Qc6 Rg4
33. Ra3 Rf7 34. Ra8+ Ke7 35. Re8+ 1-0

[Event "Bavaria Donaucup 2017"]
[Site "Regensburg"]
[Date "2017.05.27"]
[Round "5.17"]
[White "Landstorfer, Raphael"]
[Black "Oberhofer, Marie"]
[Result "1/2-1/2"]
[WhiteElo "1799"]
[BlackElo "1676"]
[PlyCount "109"]
[EventDate "2017.??.??"]
[WhiteTeam "TSV Kar-Lappersdorf"]
[BlackTeam "SC Bav Regensburg"]

1. e4 c5 2. Nf3 d6 3. d4 cxd4 4. Nxd4 Nf6 5. Nc3 g6 6. f3 Bg7 7. Be3 O-O 8. Qd2
Nc6 9. O-O-O d5 10. exd5 Nxd5 11. Nxc6 bxc6 12. Bd4 Bxd4 13. Qxd4 Qb6 14. Na4
Qc7 15. Bc4 Nb6 16. Bb3 Bf5 17. Rde1 Rfd8 18. Qe3 Nd5 19. Qg5 Re8 20. h4 Qf4+
21. Qxf4 Nxf4 22. g3 Nd5 23. Re5 f6 24. Rxd5 cxd5 25. Bxd5+ Kg7 26. Bxa8 Rxa8
27. c4 Rc8 28. b3 Bd7 29. Nc3 Bc6 30. Re1 Kf7 31. Re3 Rd8 32. Kc2 e5 33. Ne4 h6
34. Rd3 Rxd3 35. Kxd3 f5 36. Nd6+ Ke6 37. Nb5 Bxf3 38. Nxa7 Be4+ 39. Kd2 Bb1
40. a4 f4 41. gxf4 exf4 42. Nc6 Be4 43. Nb4 g5 44. Nd3 Kf5 45. Nf2 Bc6 46. hxg5
hxg5 47. a5 g4 48. Ke1 g3 49. Kf1 gxf2 50. Kxf2 Ke5 51. b4 Bb7 52. b5 Kd6 53.
a6 Bc8 54. Kf3 Kc5 55. Kxf4 1/2-1/2

[Event "Bavaria Donaucup 2017"]
[Site "Regensburg"]
[Date "2017.05.27"]
[Round "5.18"]
[White "Glaser, Max"]
[Black "Hessler, Markus"]
[Result "1/2-1/2"]
[WhiteElo "1590"]
[BlackElo "1750"]
[PlyCount "43"]
[EventDate "2017.??.??"]
[WhiteTeam "SC Furth Waldm."]
[BlackTeam "SF Roding"]

1. e4 {[%emt 0:00:00]} g6 2. d4 Bg7 3. Nf3 d6 4. g3 Nf6 5. Nbd2 Nbd7 6. Bg2 O-O
7. O-O c5 8. c3 Rb8 9. Re1 b5 10. b4 cxb4 11. cxb4 Nb6 12. Qe2 Na4 13. Nb3 Bd7
14. Bd2 Rc8 15. Rac1 Qb6 16. d5 Qb8 17. Nfd4 Nb6 18. Nxb5 Rxc1 19. Rxc1 Nbxd5
20. exd5 Bxb5 21. Qxe7 Nd7 22. Qe4 1/2-1/2

[Event "Bavaria Donaucup 2017"]
[Site "Regensburg"]
[Date "2017.05.27"]
[Round "5.19"]
[White "Ott, Ian"]
[Black "Brassat, Juergen"]
[Result "1/2-1/2"]
[WhiteElo "1747"]
[BlackElo "1662"]
[PlyCount "64"]
[EventDate "2017.??.??"]
[WhiteTeam "SC Bav Regensburg"]
[BlackTeam "DJK Regensburg Nord"]

1. e4 c5 2. Nf3 d6 3. d4 cxd4 4. Nxd4 Nf6 5. Nc3 a6 6. Be2 e5 7. Nb3 Be6 8. O-O
Be7 9. f4 Nbd7 10. f5 Bxb3 11. axb3 Rc8 12. Be3 Qc7 13. Rc1 O-O 14. g4 h6 15.
Qd2 Rcd8 16. Bf3 b5 17. h4 b4 18. Na4 Nc5 19. Nxc5 dxc5 20. Qg2 Rd6 21. g5 hxg5
22. hxg5 Ne8 23. Be2 Rc6 24. Bc4 Nd6 25. Bd5 c4 26. g6 Bf6 27. bxc4 Nxc4 28.
gxf7+ Rxf7 29. Bxf7+ Qxf7 30. Bg5 Qa7+ 31. Kh1 Bxg5 32. Qxg5 Rh6+ 1/2-1/2

[Event "Bavaria Donaucup 2017"]
[Site "Regensburg"]
[Date "2017.05.27"]
[Round "5.20"]
[White "Brack, Andre"]
[Black "Blanter, Sofya"]
[Result "1/2-1/2"]
[WhiteElo "1635"]
[BlackElo "1746"]
[PlyCount "106"]
[EventDate "2017.??.??"]
[WhiteTeam "Regensburg RT"]
[BlackTeam "SC Bav Regensburg"]

1. d4 d5 2. Nf3 Nf6 3. Bf4 e6 4. Nbd2 c5 5. c3 Nc6 6. e3 Nh5 7. Bg3 Nxg3 8.
hxg3 g6 9. Bd3 c4 10. Bc2 Bg7 11. b3 b5 12. a4 cxb3 13. Nxb3 b4 14. cxb4 Nxb4
15. Bd3 Nxd3+ 16. Qxd3 Bd7 17. O-O O-O 18. Rfc1 Qe7 19. Rc7 Rfc8 20. Rac1 Qd6
21. Rxc8+ Rxc8 22. Rxc8+ Bxc8 23. Nc5 f6 24. Qb5 Kf7 25. Ne1 Bf8 26. f4 Be7 27.
Ned3 a6 28. Qb2 Qc7 29. Kf2 Bd6 30. e4 dxe4 31. Nxe4 Be7 32. Ndc5 h6 33. Qb4 f5
34. Nd2 g5 35. Nc4 Kf6 36. Ne5 a5 37. Qb5 Qd6 38. Ke3 gxf4+ 39. gxf4 Qd8 40.
Nc6 Qg8 41. Kf2 Bd6 42. Ne5 h5 43. Qc6 Qd8 44. Ned3 Bxc5 45. Qxc5 Ba6 46. Qe5+
Kf7 47. Ne1 Qh4+ 48. g3 Qh2+ 49. Ng2 Qh1 50. Ne3 Bb7 51. Qc7+ Kf6 52. Qd8+ Kf7
53. Qd7+ Kf6 1/2-1/2

[Event "Bavaria Donaucup 2017"]
[Site "Regensburg"]
[Date "2017.05.27"]
[Round "5.21"]
[White "Winter, Reinhold"]
[Black "Krupke, Hardi"]
[Result "1-0"]
[WhiteElo "1567"]
[BlackElo "1602"]
[PlyCount "91"]
[EventDate "2017.??.??"]
[WhiteTeam "SF Neuenkirchen"]
[BlackTeam "SG Neumünster"]

1. c4 e6 2. Nc3 d5 3. cxd5 exd5 4. d4 c6 5. Nf3 Bd6 6. a3 Bf5 7. e3 Nf6 8. Bd3
Bxd3 9. Qxd3 O-O 10. O-O Re8 11. b4 Nbd7 12. Bb2 Ne4 13. Na4 Nb6 14. Nxb6 Qxb6
15. Rfb1 Re6 16. Bc1 Qc7 17. b5 Rh6 18. h3 Rh5 19. bxc6 Qxc6 20. Qb5 Qc2 21.
Rb2 Qd1+ 22. Qf1 Qxf1+ 23. Kxf1 b6 24. Rc2 Rd8 25. Bb2 Bb8 26. Rac1 Nd6 27. Ne5
f6 28. Nc6 Re8 29. Nxb8 Rxb8 30. Rc7 Nc4 31. Rc2 a6 32. Bc1 Rf8 33. Rc6 Re8 34.
Kg1 Kf7 35. Kh2 Rh6 36. e4 Rxe4 37. Bxh6 gxh6 38. Rc3 Rxd4 39. Rf3 Kg7 40.
Rfxf6 Ne5 41. Rcd6 Ra4 42. Rfe6 Nc4 43. Rxd5 Rxa3 44. Rd7+ Kf8 45. Rc6 Ke8 46.
Rxh7 1-0

[Event "Bavaria Donaucup 2017"]
[Site "Regensburg"]
[Date "2017.05.27"]
[Round "5.22"]
[White "Zeitler, Juergen"]
[Black "Thamm, Felix"]
[Result "1-0"]
[WhiteElo "1439"]
[BlackElo "1619"]
[PlyCount "69"]
[EventDate "2017.??.??"]
[WhiteTeam "DJK Amberg"]
[BlackTeam "Post Regensburg"]

1. e4 e5 2. Nf3 Nc6 3. Bb5 a6 4. Ba4 Nf6 5. O-O b5 6. Bb3 Be7 7. Re1 O-O 8. d4
Nxd4 9. Bxf7+ Rxf7 10. Nxe5 Ne6 11. Nxf7 Kxf7 12. e5 Ne8 13. Qf3+ Kg8 14. Qxa8
c6 15. Be3 Bb4 16. c3 Ba5 17. b4 Bc7 18. a4 bxa4 19. Rxa4 Bxe5 20. Bd2 N8c7 21.
Qa7 Bf4 22. Bxf4 Nxf4 23. Qe3 Qg5 24. Qf3 d5 25. Kf1 Bg4 26. Qg3 Qf5 27. b5
Be2+ 28. Kg1 Nce6 29. b6 Bb5 30. Ra2 Nc5 31. Qe3 Ne4 32. f3 Nf6 33. b7 Nd7 34.
Qe8+ Qf8 35. Qxd7 1-0

[Event "Bavaria Donaucup 2017"]
[Site "Regensburg"]
[Date "2017.05.27"]
[Round "5.23"]
[White "Erhard, Walter sen"]
[Black "Ganchev, Rostislav"]
[Result "0-1"]
[WhiteElo "1319"]
[BlackElo "1261"]
[PlyCount "78"]
[EventDate "2017.??.??"]
[WhiteTeam "SC Bav Regensburg"]
[BlackTeam "SC Bav Regensburg"]

1. d4 d5 2. c4 dxc4 3. e3 Nf6 4. Bxc4 g6 5. Nf3 Nbd7 6. O-O Bg7 7. Nc3 a6 8. b3
b5 9. Bd3 Bb7 10. Bb2 O-O 11. Rc1 c5 12. Nb1 cxd4 13. Bxd4 Re8 14. Re1 e5 15.
Nxe5 Nxe5 16. Be2 Rc8 17. h3 Rxc1 18. Qxc1 Qd7 19. Nd2 Nc6 20. Bb2 Rc8 21. Rd1
Qe8 22. Qa1 Qe7 23. Nf3 Ne8 24. Bxg7 Nxg7 25. h4 Nd8 26. g3 Bxf3 27. Bxf3 Nde6
28. h5 Qg5 29. Rd5 Qe7 30. h6 Nf5 31. Kg2 Nxh6 32. Qe5 f6 33. Qb2 Ng5 34. Rxg5
fxg5 35. Bd5+ Nf7 36. e4 Rd8 37. Qd4 Rxd5 38. Qxd5 Kg7 39. Qd4+ Qf6 0-1

[Event "Bavaria Donaucup 2017"]
[Site "Regensburg"]
[Date "2017.05.27"]
[Round "5.24"]
[White "Kutschera, Reinhardt"]
[Black "Boehm, Tobias"]
[Result "0-1"]
[WhiteElo "1392"]
[BlackElo "1340"]
[PlyCount "89"]
[EventDate "2017.??.??"]
[WhiteTeam "DJK Regensburg Nord"]
[BlackTeam "Post Regensburg"]

1. c4 e5 2. Nc3 Nf6 3. Nf3 Nc6 4. g3 Bc5 5. Bg2 d6 6. Na4 Bb6 7. O-O O-O 8. Qc2
h6 9. c5 Ba5 10. a3 dxc5 11. Qxc5 Ne4 12. Qe3 Nf6 13. Nxe5 Nxe5 14. Qxe5 c6 15.
b4 Bb6 16. Bf3 Bd4 17. Qf4 Bxa1 18. e3 Nd5 19. Bxd5 Qxd5 20. f3 Be5 21. Qe4
Qxe4 22. fxe4 Bh3 23. Rf2 f5 24. d4 Bc7 25. e5 b6 26. Nc3 a6 27. Ne2 g5 28. Nc3
Rfd8 29. Na4 a5 30. b5 c5 31. Rc2 Bxe5 32. dxe5 Rd1+ 33. Kf2 Rf1+ 34. Ke2 Rh1
35. Kd3 c4+ 36. Kc3 Rb8 37. e4 Rd1 38. Rd2 Rxc1+ 39. Kb2 Rg1 40. Kc3 Rg2 41.
Rd6 fxe4 42. Rxh6 Rd8 43. Rxh3 Rd3+ 44. Kxc4 Rc2+ 45. Nc3 0-1